[Event "BL 2324 (Women)"]
[Site "Germany"]
[Date "2023.10.14"]
[Round "1.6"]
[White "Koehler, Inken"]
[Black "Zozulia, Anna"]
[Result "1/2-1/2"]
[WhiteElo "2005"]
[BlackElo "2225"]
[PlyCount "101"]
[EventDate "2023.10.14"]
[EventType "team-tourn"]
[EventRounds "11"]
[EventCountry "GER"]
[SourceTitle "CB48_2023"]
[SourceDate "2023.11.29"]
[SourceVersion "1"]
[SourceVersionDate "2023.11.29"]
[SourceQuality "1"]
[WhiteTeam "Harksheide (W)"]
[BlackTeam "Solingen (W)"]
[WhiteTeamCountry "GER"]
[BlackTeamCountry "GER"]

1. e4 c5 2. Nf3 Nc6 3. Bb5 d6 4. 0-0 Bd7 5. Re1 Nf6 6. Bf1 Bg4 7. c3 e5 8. Bc4 Be7 9. d3 0-0 10. Nbd2 a6 11. Nf1 b5 12. Bb3 Na5 13. Ne3 Nxb3 14. axb3 Be6 15. Ng5 Nd7 16. Nxe6 fxe6 17. Nf1 Kh8 18. Ng3 Bg5 19. Qg4 Bxc1 20. Rexc1 Qf6 21. Rf1 a5 22. f4 exf4 23. Nh5 Qg6 24. Qxg6 hxg6 25. Nxf4 Rf6 26. d4 cxd4 27. cxd4 Raf8 28. Nd3 Rxf1+ 29. Rxf1 Rxf1+ 30. Kxf1 e5 31. dxe5 Nxe5 32. Ke2 Nc6 33. Ke3 Kg8 34. Nf4 Kf7 35. Nd5 Ne5 36. h3 Nd7 37. b4 axb4 38. Nxb4 Nc5 39. Nd5 Ke6 40. b4 Na6 41. Kf4 g5+ 42. Kxg5 Ke5 43. Kg6 Kxe4 44. Nc3+ Kf4 45. Nxb5 d5 46. g4 Nxb4 47. g5 Nd3 48. h4 Kg4 49. Kxg7 Kxh4 50. Kf6 Ne5 51. Kxe5 1/2-1/2

[Event "BL 2223 (Women)"]
[Site "Germany"]
[Date "2023.04.29"]
[Round "9.5"]
[White "Koehler, Inken"]
[Black "Ziegenfuss, Antonia"]
[Result "0-1"]
[WhiteElo "1995"]
[BlackElo "2144"]
[PlyCount "78"]
[EventDate "2022.10.15"]
[EventType "team-tourn"]
[EventRounds "11"]
[EventCountry "GER"]
[SourceTitle "EXT 2024"]
[Source "ChessBase"]
[SourceDate "2023.10.10"]
[SourceVersion "1"]
[SourceVersionDate "2023.10.10"]
[SourceQuality "1"]
[WhiteTeam "Harksheide (W)"]
[BlackTeam "Hamburger SK (W)"]
[WhiteTeamCountry "GER"]
[BlackTeamCountry "GER"]

1. e4 c5 2. Nf3 e6 3. c3 Nf6 4. e5 Nd5 5. d4 cxd4 6. cxd4 b6 7. Bc4 Bb7 8. Bxd5 exd5 9. 0-0 Be7 10. Nc3 d6 11. exd6 Qxd6 12. Re1 0-0 13. Bf4 Qd8 14. Qb3 Bf6 15. Nb5 Nc6 16. Nc7 Na5 17. Qb4 Rc8 18. Nb5 a6 19. Nd6 Rc6 20. Nxb7 Nxb7 21. Rac1 Na5 22. Rxc6 Nxc6 23. Qc3 Qd7 24. Rc1 Rc8 25. Ne5 Bxe5 26. Bxe5 Ne7 27. Qd2 Rxc1+ 28. Qxc1 Qc6 29. Qxc6 Nxc6 30. Bc7 b5 31. Bb6 Nb4 32. Ba5 Nxa2 33. Bd2 b4 34. Kf1 a5 35. b3 a4 36. Ke2 axb3 37. Kd1 Kf8 38. Bc1 Nc3+ 39. Kd2 Na4 0-1

[Event "BL 2223 (Women)"]
[Site "Germany"]
[Date "2023.02.19"]
[Round "6.6"]
[White "Koehler, Inken"]
[Black "Trunz, Michelle"]
[Result "1-0"]
[WhiteElo "1995"]
[BlackElo "1821"]
[PlyCount "91"]
[EventDate "2022.10.15"]
[EventType "team-tourn"]
[EventRounds "11"]
[EventCountry "GER"]
[SourceTitle "CBM 213 Extra"]
[Source "ChessBase"]
[SourceDate "2023.05.31"]
[SourceVersion "1"]
[SourceVersionDate "2023.05.31"]
[SourceQuality "1"]
[WhiteTeam "Harksheide (W)"]
[BlackTeam "Hemer (W)"]
[WhiteTeamCountry "GER"]
[BlackTeamCountry "GER"]

1. e4 c5 2. Nf3 d6 3. Bb5+ Bd7 4. Bxd7+ Qxd7 5. c4 e5 6. Nc3 g6 7. d3 Bg7 8. Nd5 Ne7 9. Bh6 0-0 10. Qd2 Nxd5 11. cxd5 Na6 12. h4 c4 13. Bxg7 Kxg7 14. dxc4 Qg4 15. Qe2 Nc5 16. Nd2 f5 17. Qxg4 fxg4 18. Ke2 Rf4 19. f3 gxf3+ 20. gxf3 h6 21. b3 Raf8 22. Rag1 Nd7 23. Rg3 Kh7 24. Rhg1 Rg8 25. Rg4 Rff8 26. Rc1 h5 27. Rg3 Rf4 28. Rh1 Kh6 29. Nf1 a6 30. Ne3 Rc8 31. Rhg1 Nf8 32. Rh3 Rc7 33. Nd1 Nh7 34. Nb2 g5 35. hxg5+ Nxg5 36. Rhg3 Rg7 37. Nd3 Rh4 38. Nf2 Rh2 39. Ke3 b6 40. a3 Rxf2 41. Kxf2 h4 42. Rh1 Kh5 43. Rg4 h3 44. Rxg5+ Rxg5 45. Rxh3+ Kg6 46. Rh1 1-0

[Event "GER-chT Federal Cup (Women)"]
[Site "Braunfels"]
[Date "2022.06.17"]
[Round "3.17"]
[White "Tuzi, Bruna"]
[Black "Koehler, Inken"]
[Result "1/2-1/2"]
[WhiteElo "1999"]
[BlackElo "2002"]
[PlyCount "136"]
[EventDate "2022.06.15"]
[EventType "team-swiss"]
[EventRounds "5"]
[EventCountry "GER"]
[SourceTitle "EXT 2023"]
[Source "ChessBase"]
[SourceDate "2022.10.05"]
[SourceVersion "1"]
[SourceVersionDate "2022.10.05"]
[SourceQuality "1"]

1. e4 d6 2. Nc3 Nf6 3. f4 Nbd7 4. Nf3 e5 5. Bc4 Be7 6. d3 c6 7. 0-0 Qb6+ 8. Kh1 0-0 9. f5 Qc7 10. a4 a5 11. Qe2 b6 12. g4 d5 13. Bb3 dxe4 14. dxe4 Ba6 15. Qe1 Bxf1 16. Qxf1 Nc5 17. g5 Nxb3 18. cxb3 Ne8 19. Qh3 Rd8 20. Be3 Rd3 21. Re1 Bb4 22. g6 fxg6 23. Ng5 Nf6 24. Ne6 Qf7 25. Nxf8 Bxf8 26. fxg6 hxg6 27. Qf1 Rd7 28. Bxb6 Qxb3 29. Bxa5 Rf7 30. Qg2 Nh5 31. Qd2 Nf4 32. Rf1 Qc4 33. Rf2 Bc5 34. Rf3 Bd4 35. h3 Bxc3 36. Bxc3 Qxe4 37. Qe3 Qd5 38. Kh2 g5 39. Rf2 e4 40. a5 Qd6 41. Rd2 Nd5+ 42. Qg3 Qxg3+ 43. Kxg3 Rf3+ 44. Kg4 Nxc3 45. bxc3 Rxc3 46. Ra2 Rd3 47. a6 Rd8 48. Kf5 e3 49. Ke4 Kf7 50. Kxe3 Ke6 51. a7 Ra8 52. Kd4 Kd6 53. Ra5 c5+ 54. Kc4 Kc6 55. Rxc5+ Kb6 56. Rxg5 Rxa7 57. Rg6+ Ka5 58. Rg3 Rf7 59. Kd5 Kb6 60. Ke6 Ra7 61. Rg5 Ra4 62. Rxg7 Rh4 63. Rg3 Kc5 64. Kf5 Rh8 65. Rg5 Kd6 66. Kg4 Ke6 67. h4 Kf7 68. h5 Rg8 1/2-1/2

[Event "BL 1920 (Women)"]
[Site "Germany"]
[Date "2021.09.04"]
[Round "10.6"]
[White "Heinemann, Josefine"]
[Black "Koehler, Inken"]
[Result "1-0"]
[WhiteElo "2310"]
[BlackElo "2016"]
[PlyCount "93"]
[EventDate "2019.09.14"]
[EventType "team-tourn"]
[EventRounds "11"]
[EventCountry "GER"]
[SourceTitle "EXT 2022"]
[Source "ChessBase"]
[SourceDate "2021.10.06"]
[SourceVersion "1"]
[SourceVersionDate "2021.10.06"]
[SourceQuality "1"]
[WhiteTeam "Baden-Baden (W)"]
[BlackTeam "Harksheide (W)"]
[WhiteTeamCountry "GER"]
[BlackTeamCountry "GER"]

1. e4 e6 2. d4 d5 3. Nd2 dxe4 4. Nxe4 Bd7 5. Nf3 Bc6 6. Bd3 Nd7 7. 0-0 Ngf6 8. Ned2 Be7 9. Nc4 Bxf3 10. Qxf3 c6 11. c3 0-0 12. Re1 Nb6 13. Ne5 Qd5 14. Qh3 Nbd7 15. Bc4 Qa5 16. Nxd7 Nxd7 17. Bxe6 Nf6 18. Bb3 Bd6 19. Qf3 Qc7 20. g3 h6 21. Bxh6 Qd7 22. Bg5 Nh7 23. Bd2 Nf6 24. h4 Rae8 25. Kg2 Bc7 26. h5 Qg4 27. Qxg4 Nxg4 28. f3 Nf6 29. g4 Nd5 30. Bxd5 cxd5 31. Rxe8 Rxe8 32. Re1 Rxe1 33. Bxe1 Bf4 34. b3 b5 35. Kf2 f5 36. Ke2 fxg4 37. fxg4 Kf7 38. Bd2 Bc7 39. Kd3 Ke6 40. c4 a6 41. cxb5 axb5 42. a4 bxa4 43. bxa4 Kd7 44. g5 Bd8 45. h6 gxh6 46. gxh6 Bf6 47. Bf4 1-0

[Event "BL 1920 (Women)"]
[Site "Germany"]
[Date "2020.02.16"]
[Round "8.5"]
[White "Daemering, Katrin"]
[Black "Koehler, Inken"]
[Result "1/2-1/2"]
[WhiteElo "1999"]
[BlackElo "2016"]
[PlyCount "120"]
[EventDate "2019.09.14"]
[EventType "team-tourn"]
[EventRounds "11"]
[EventCountry "GER"]
[SourceTitle "CBM 195 Extra"]
[Source "ChessBase"]
[SourceDate "2020.05.31"]
[SourceVersion "1"]
[SourceVersionDate "2020.05.31"]
[SourceQuality "1"]
[WhiteTeam "Leipzig Weissblau (W)"]
[BlackTeam "Harksheide (W)"]
[WhiteTeamCountry "GER"]
[BlackTeamCountry "GER"]

1. Nf3 g6 2. g3 Bg7 3. Bg2 d5 4. d3 Nf6 5. 0-0 0-0 6. Nbd2 c6 7. c4 Na6 8. Rb1 dxc4 9. Nxc4 Be6 10. Nfd2 Bd5 11. Nf3 Qc8 12. a3 Rd8 13. Qc2 Nc7 14. Bd2 Nb5 15. e4 Be6 16. a4 Nd4 17. Nxd4 Rxd4 18. Bc3 Rd8 19. Ne3 Bh3 20. Rbd1 Bxg2 21. Kxg2 Qe6 22. h3 Rac8 23. f4 c5 24. f5 Qc6 25. Nc4 gxf5 26. Ne5 Qc7 27. Rxf5 e6 28. Rg5 h6 29. Rxg7+ Kxg7 30. Ng4 Rd4 31. Nxf6 Kxf6 32. Qf2+ Kg6 33. Rf1 Rcd8 34. Qf6+ Kh7 35. Rf4 Rg8 36. Bxd4 cxd4 37. Qxf7+ Rg7 38. Qxc7 Rxc7 39. e5 Rc2+ 40. Rf2 Rc5 41. Rf7+ Kg8 42. Rxb7 Rxe5 43. Rb4 Kf8 44. Rxd4 Re2+ 45. Kf3 Rxb2 46. Rd7 a5 47. Ra7 Rd2 48. Ke3 Rg2 49. Kf4 Rd2 50. Ke4 Re2+ 51. Kf4 Rd2 52. Rxa5 Rxd3 53. Ra7 e5+ 54. Kxe5 Rxg3 55. a5 Rxh3 56. a6 Ra3 57. Kf6 Ke8 58. Re7+ Kd8 59. a7 Ra6+ 60. Kf7 Kc8 1/2-1/2

[Event "BL 1920 (Women)"]
[Site "Germany"]
[Date "2019.12.15"]
[Round "4.6"]
[White "Koehler, Inken"]
[Black "Badelka, Olga"]
[Result "0-1"]
[WhiteElo "2016"]
[BlackElo "2399"]
[PlyCount "70"]
[EventDate "2019.09.14"]
[EventType "team-tourn"]
[EventRounds "11"]
[EventCountry "GER"]
[SourceTitle "CBM 194 Extra"]
[Source "ChessBase"]
[SourceDate "2020.03.31"]
[SourceVersion "1"]
[SourceVersionDate "2020.03.31"]
[SourceQuality "1"]
[WhiteTeam "Harksheide (W)"]
[BlackTeam "Schwaebisch Hall (W)"]
[WhiteTeamCountry "GER"]
[BlackTeamCountry "GER"]

1. c4 c5 2. Nc3 Nc6 3. Nf3 g6 4. g3 Bg7 5. Bg2 d6 6. 0-0 e6 7. Rb1 Nge7 8. d3 0-0 9. Bd2 b6 10. a3 Bb7 11. b4 Qd7 12. Qc1 Nd4 13. Nxd4 cxd4 14. Ne4 d5 15. Ng5 dxc4 16. Bxb7 Qxb7 17. Qxc4 Rac8 18. Qb3 h6 19. Ne4 Qd5 20. Bc1 Qxb3 21. Rxb3 Rc2 22. Rb2 Rfc8 23. Rxc2 Rxc2 24. e3 f5 25. Nd6 dxe3 26. fxe3 Nd5 27. Kh1 Nc3 28. e4 Ne2 29. Be3 Rc3 30. Re1 Rxd3 31. Nc4 b5 32. Rxe2 bxc4 33. Bxa7 c3 34. Be3 c2 35. Kg2 Rxe3 0-1

[Event "GER-ch U18 Girls"]
[Site "Willingen"]
[Date "2019.06.13"]
[Round "7"]
[White "Ziegenfuss, Antonia"]
[Black "Koehler, Inken"]
[Result "1-0"]
[WhiteElo "2111"]
[BlackElo "1979"]
[PlyCount "77"]
[EventDate "2019.06.08"]
[EventType "swiss"]
[EventRounds "9"]
[EventCountry "GER"]
[SourceTitle "CBM 191 Extra"]
[Source "ChessBase"]
[SourceDate "2019.09.30"]
[SourceVersion "1"]
[SourceVersionDate "2019.09.30"]
[SourceQuality "1"]

1. c4 e5 2. Nc3 Nf6 3. g3 d5 4. cxd5 Nxd5 5. Bg2 Ne7 6. Nf3 Nbc6 7. 0-0 g6 8. Rb1 Bg7 9. b4 a6 10. a4 0-0 11. d3 Kh8 12. b5 Nd4 13. Nxd4 exd4 14. Ne4 axb5 15. axb5 Ra7 16. Bd2 Be6 17. Ra1 Rxa1 18. Qxa1 Bd5 19. Bb4 Re8 20. Rc1 h6 21. b6 cxb6 22. Nd6 Rf8 23. Bxd5 Nxd5 24. Nxb7 Qe8 25. Bxf8 Qxf8 26. Qa7 Kh7 27. Ra1 Qe7 28. Re1 h5 29. Qb8 Be5 30. Qc8 Bf6 31. Qc6 Nb4 32. Qxb6 Nxd3 33. Rb1 Ne5 34. Qd6 Qxd6 35. Nxd6 Kg7 36. Rb7 g5 37. Ne8+ Kg6 38. Rb6 Nd7 39. Rd6 1-0

[Event "GER-ch U18 Girls"]
[Site "Willingen"]
[Date "2019.06.11"]
[Round "4"]
[White "Koenze, Heike"]
[Black "Koehler, Inken"]
[Result "1/2-1/2"]
[WhiteElo "1919"]
[BlackElo "1979"]
[PlyCount "57"]
[EventDate "2019.06.08"]
[EventType "swiss"]
[EventRounds "9"]
[EventCountry "GER"]
[SourceTitle "CBM 191 Extra"]
[Source "ChessBase"]
[SourceDate "2019.09.30"]
[SourceVersion "1"]
[SourceVersionDate "2019.09.30"]
[SourceQuality "1"]

1. e4 d6 2. d4 Nf6 3. Nc3 Nbd7 4. Nf3 e5 5. Bg5 Be7 6. dxe5 dxe5 7. Be2 0-0 8. 0-0 c6 9. h3 Qc7 10. Bc4 Nc5 11. Re1 b5 12. Bb3 a5 13. a3 Be6 14. Bxe6 Nxe6 15. Qe2 Nd4 16. Nxd4 exd4 17. e5 Ne8 18. Bxe7 Qxe7 19. Nb1 Nc7 20. Nd2 Rfe8 21. Qe4 c5 22. a4 Qd7 23. axb5 Qxb5 24. b3 Qb4 25. Nc4 Ra6 26. Qf5 Rae6 27. Kh2 g6 28. Qf3 Nb5 29. Re4 1/2-1/2

[Event "GER-ch U18 Girls"]
[Site "Willingen"]
[Date "2019.06.09"]
[Round "1"]
[White "Koehler, Inken"]
[Black "Fuchs, Emily"]
[Result "1-0"]
[WhiteElo "1979"]
[BlackElo "1384"]
[PlyCount "61"]
[EventDate "2019.06.08"]
[EventType "swiss"]
[EventRounds "9"]
[EventCountry "GER"]
[SourceTitle "CBM 191 Extra"]
[Source "ChessBase"]
[SourceDate "2019.09.30"]
[SourceVersion "1"]
[SourceVersionDate "2019.09.30"]
[SourceQuality "1"]

1. c4 Nf6 2. Nc3 e6 3. g3 d5 4. cxd5 exd5 5. Bg2 Be6 6. d3 Nc6 7. Nf3 Bb4 8. 0-0 0-0 9. Bf4 Bd6 10. Bxd6 Qxd6 11. d4 Rfe8 12. Rc1 Bg4 13. h3 Bh5 14. Na4 Re7 15. Nc5 b6 16. Nb3 Nd8 17. e3 Ne4 18. Qc2 Ne6 19. Nh4 Qd7 20. Bxe4 dxe4 21. Qxe4 Rd8 22. Qg2 Qa4 23. d5 Nf8 24. Nd4 Red7 25. a3 f6 26. Ne6 Nxe6 27. dxe6 Rd2 28. Rxc7 Be8 29. Nf5 g6 30. Nh6+ Kh8 31. Qb7 1-0

[Event "GER-ch U18 Girls"]
[Site "Willingen"]
[Date "2019.06.09"]
[Round "2"]
[White "Schulze, Lara"]
[Black "Koehler, Inken"]
[Result "1-0"]
[WhiteElo "2160"]
[BlackElo "1979"]
[PlyCount "85"]
[EventDate "2019.06.08"]
[EventType "swiss"]
[EventRounds "9"]
[EventCountry "GER"]
[SourceTitle "CBM 191 Extra"]
[Source "ChessBase"]
[SourceDate "2019.09.30"]
[SourceVersion "1"]
[SourceVersionDate "2019.09.30"]
[SourceQuality "1"]

1. e4 g6 2. d4 Bg7 3. Nf3 d6 4. Bc4 Nf6 5. Qe2 0-0 6. 0-0 c6 7. e5 dxe5 8. dxe5 Nd5 9. h3 Qc7 10. Bxd5 cxd5 11. Nc3 e6 12. Nb5 Qd7 13. Rd1 b6 14. c4 Bb7 15. Bf4 Na6 16. Rac1 Bc6 17. Nd6 Nc7 18. Nd4 dxc4 19. Qxc4 Ba4 20. b3 Nd5 21. Bg3 b5 22. Qc6 b4 23. bxa4 Qxc6 24. Nxc6 Nc3 25. Re1 Nxa2 26. Rc2 Nc3 27. a5 Nd5 28. Rc4 Bh6 29. f4 f6 30. exf6 Rxf6 31. Nxb4 Bf8 32. Ne4 Rf5 33. Nd3 Rb8 34. Nd2 Re8 35. Re5 Rxe5 36. Nxe5 Ne3 37. Rc7 Nd5 38. Rc6 Bh6 39. Ne4 Rb8 40. Rxe6 Bxf4 41. Bxf4 Nxf4 42. Re7 Nd5 43. Rd7 1-0

[Event "GER-ch (Women)"]
[Site "chess24.com INT"]
[Date "2019.05.29"]
[Round "5"]
[White "Koehler, Inken"]
[Black "Kunze, Kerstin"]
[Result "1/2-1/2"]
[WhiteElo "1979"]
[BlackElo "2066"]
[PlyCount "68"]
[EventDate "2019.05.26"]
[EventType "swiss"]
[EventRounds "9"]
[EventCountry "GER"]
[SourceTitle "EXT 2020"]
[Source "ChessBase"]
[SourceDate "2019.10.17"]
[SourceVersion "1"]
[SourceVersionDate "2019.10.17"]
[SourceQuality "1"]
[WhiteTeam "Germany"]
[BlackTeam "Germany"]
[WhiteTeamCountry "GER"]
[BlackTeamCountry "GER"]

1. e4 c5 2. Nc3 Nc6 3. g3 g6 4. Bg2 Bg7 5. d3 Nf6 6. f4 d6 7. Nge2 0-0 8. 0-0 Rb8 9. Kh1 Bd7 10. Be3 b5 11. Qd2 b4 12. Nd1 Qc8 13. f5 Ng4 14. fxg6 fxg6 15. Bf4 e5 16. Bg5 Rxf1+ 17. Bxf1 h6 18. Be3 Nd4 19. Bg2 Be6 20. Ng1 Qd7 21. h3 Nxe3 22. Nxe3 h5 23. Nd5 Bxd5 24. exd5 Kh7 25. Be4 Nf5 26. Kh2 Bh6 27. Qe2 Rf8 28. Nf3 Kg7 29. Rg1 Be3 30. Rf1 Bh6 31. Rg1 Nd4 32. Nxd4 cxd4 33. Rf1 Rxf1 34. Qxf1 Qa4 1/2-1/2

[Event "GER-ch (Women)"]
[Site "chess24.com INT"]
[Date "2019.05.28"]
[Round "3"]
[White "Koehler, Inken"]
[Black "Freter, Anke"]
[Result "1-0"]
[WhiteElo "1979"]
[BlackElo "1873"]
[PlyCount "53"]
[EventDate "2019.05.26"]
[EventType "swiss"]
[EventRounds "9"]
[EventCountry "GER"]
[SourceTitle "EXT 2020"]
[Source "ChessBase"]
[SourceDate "2019.10.17"]
[SourceVersion "1"]
[SourceVersionDate "2019.10.17"]
[SourceQuality "1"]
[WhiteTeam "Germany"]
[BlackTeam "Germany"]
[WhiteTeamCountry "GER"]
[BlackTeamCountry "GER"]

1. c4 Nf6 2. Nc3 e5 3. g3 d5 4. cxd5 Nxd5 5. Bg2 Nxc3 6. bxc3 Bc5 7. d3 0-0 8. Nf3 Nc6 9. 0-0 h6 10. Bb2 Bb6 11. c4 Qe7 12. Nd2 Bd7 13. Ne4 Nd8 14. a4 c6 15. Ba3 c5 16. a5 f5 17. axb6 fxe4 18. bxa7 exd3 19. Qxd3 Be6 20. Qe3 Qf7 21. Bxc5 Re8 22. Rfc1 Nc6 23. Qb3 Kh8 24. Qb5 Bg4 25. Bd5 Qd7 26. Rcb1 Bxe2 27. Qxb7 1-0

[Event "Wch U18 Girls"]
[Site "Porto Carras"]
[Date "2018.10.28"]
[Round "9.13"]
[White "Koehler, Inken"]
[Black "Priyanka, K."]
[Result "0-1"]
[WhiteElo "1934"]
[BlackElo "2207"]
[PlyCount "68"]
[EventDate "2018.10.20"]
[EventType "swiss"]
[EventRounds "11"]
[EventCountry "GRE"]
[SourceTitle "CBM 187 Extra"]
[Source "ChessBase"]
[SourceDate "2018.11.04"]
[SourceVersion "1"]
[SourceVersionDate "2018.11.04"]
[SourceQuality "1"]

1. e4 c5 2. Nf3 d6 3. Bb5+ Nd7 4. 0-0 a6 5. Bd3 Ngf6 6. c3 e5 7. Bc2 g6 8. d4 Qc7 9. Re1 Bg7 10. dxe5 dxe5 11. a4 0-0 12. Na3 b6 13. Nc4 Bb7 14. Qd6 Qxd6 15. Nxd6 Bc6 16. Bb3 b5 17. axb5 axb5 18. Rxa8 Bxa8 19. Nxb5 Rb8 20. Bc4 Nxe4 21. Bd3 f5 22. Bc4+ Kh8 23. Ng5 Nxg5 24. Bxg5 Bc6 25. Nd6 h6 26. Bc1 Kh7 27. Rd1 e4 28. Be6 Ne5 29. Bc4 Ba4 30. Rd5 Nxc4 31. Nxc4 Bb3 32. Ne3 Bxd5 33. Nxd5 Ra8 34. Nf4 Rd8 0-1

[Event "Pardubice Czech op-B 29th"]
[Site "Pardubice"]
[Date "2018.07.22"]
[Round "3"]
[White "Koehn, Lennart"]
[Black "Koehler, Inken"]
[Result "1-0"]
[WhiteElo "2087"]
[BlackElo "1991"]
[PlyCount "61"]
[EventDate "2018.07.20"]
[EventType "swiss"]
[EventRounds "9"]
[EventCountry "CZE"]
[SourceTitle "CBM 186 Extra"]
[Source "ChessBase"]
[SourceDate "2018.08.24"]
[SourceVersion "1"]
[SourceVersionDate "2018.08.24"]
[SourceQuality "1"]

1. e4 c5 2. Nc3 a6 3. g3 b5 4. Bg2 Bb7 5. d3 e6 6. Nh3 Nc6 7. 0-0 d6 8. f4 Be7 9. Be3 Nf6 10. e5 Nd7 11. exd6 Bxd6 12. Ne4 Be7 13. f5 e5 14. Qg4 Rg8 15. Nhg5 Nf6 16. Qh3 Nxe4 17. Nxe4 Nd4 18. Qxh7 Rf8 19. Rf2 b4 20. f6 gxf6 21. Nxf6+ Bxf6 22. Bxb7 Ra7 23. Qe4 Qe7 24. Bxd4 cxd4 25. Qc6+ Qd7 26. Qxf6 Rxb7 27. Re1 Rb5 28. Rfe2 Rg8 29. Rxe5+ Rxe5 30. Rxe5+ Kf8 31. Qh6+ 1-0

[Event "GER-ch U18 Girls"]
[Site "Willingen"]
[Date "2018.05.26"]
[Round "9"]
[White "Koehler, Inken"]
[Black "Rogozenco, Teodora Nana"]
[Result "1/2-1/2"]
[WhiteElo "1937"]
[BlackElo "2083"]
[PlyCount "70"]
[EventDate "2018.05.19"]
[EventType "swiss"]
[EventRounds "9"]
[EventCountry "GER"]
[SourceTitle "CBM 184 Extra"]
[Source "ChessBase"]
[SourceDate "2018.06.28"]
[SourceVersion "1"]
[SourceVersionDate "2018.06.28"]
[SourceQuality "1"]

1. d4 Nf6 2. Bf4 g6 3. Nc3 d5 4. e3 Bg7 5. h4 h5 6. Be2 c6 7. Nf3 Bg4 8. Ne5 Bxe2 9. Qxe2 Nbd7 10. f3 Nxe5 11. Bxe5 Qa5 12. Qd2 Qa6 13. 0-0-0 0-0-0 14. Kb1 Ne8 15. Bxg7 Nxg7 16. e4 Ne6 17. exd5 cxd5 18. Rhe1 Rd7 19. Ne2 Ng7 20. Qf4 Nf5 21. Nc1 Qd6 22. Qxd6 Rxd6 23. Nd3 Nxh4 24. Rxe7 Nxg2 25. Rg1 Nh4 26. Rxf7 Nf5 27. Nf4 h4 28. Nh3 Nxd4 29. c3 Nf5 30. Re1 Rd7 31. Rf6 Rg7 32. Re5 Kd7 33. Kc1 Ne7 34. Rg5 Rh5 35. Rfxg6 Rxg6 1/2-1/2

[Event "GER-ch U18 Girls"]
[Site "Willingen"]
[Date "2018.05.25"]
[Round "8"]
[White "Arnhold, Steffi"]
[Black "Koehler, Inken"]
[Result "0-1"]
[WhiteElo "1880"]
[BlackElo "1937"]
[PlyCount "52"]
[EventDate "2018.05.19"]
[EventType "swiss"]
[EventRounds "9"]
[EventCountry "GER"]
[SourceTitle "CBM 184 Extra"]
[Source "ChessBase"]
[SourceDate "2018.06.28"]
[SourceVersion "1"]
[SourceVersionDate "2018.06.28"]
[SourceQuality "1"]

1. e4 d6 2. d4 Nf6 3. Nc3 Nbd7 4. f4 e5 5. Nf3 exd4 6. Nxd4 g6 7. Bd3 Bg7 8. 0-0 0-0 9. Nf3 Nc5 10. Bd2 b6 11. Qe2 Bb7 12. b4 Nxd3 13. cxd3 c5 14. a3 Re8 15. bxc5 dxc5 16. Ne5 Nh5 17. Nc4 Qd4+ 18. Kh1 Rad8 19. Rf3 b5 20. Na5 Bxe4 21. dxe4 Qxd2 22. Qxd2 Rxd2 23. e5 Red8 24. g4 Nxf4 25. Rxf4 Bxe5 26. Rf3 R8d3 0-1

[Event "GER-ch U18 Girls"]
[Site "Willingen"]
[Date "2018.05.24"]
[Round "7"]
[White "Koehler, Inken"]
[Black "Waechter, Nathalie"]
[Result "1-0"]
[WhiteElo "1937"]
[BlackElo "1989"]
[PlyCount "93"]
[EventDate "2018.05.19"]
[EventType "swiss"]
[EventRounds "9"]
[EventCountry "GER"]
[SourceTitle "CBM 184 Extra"]
[Source "ChessBase"]
[SourceDate "2018.06.28"]
[SourceVersion "1"]
[SourceVersionDate "2018.06.28"]
[SourceQuality "1"]

1. d4 d5 2. Nf3 Nf6 3. e3 e6 4. Bd3 Nbd7 5. 0-0 Bd6 6. b3 0-0 7. Bb2 c5 8. Nbd2 Qe7 9. Ne5 cxd4 10. exd4 Ba3 11. Bxa3 Qxa3 12. c3 Nxe5 13. dxe5 Nd7 14. Re1 Qe7 15. Qh5 g6 16. Qh6 f6 17. Nf3 fxe5 18. Nxe5 Qg7 19. Qg5 Nxe5 20. Rxe5 Bd7 21. Rae1 Rf6 22. c4 dxc4 23. Bxc4 Re8 24. Qg4 a6 25. a4 Qf7 26. Qe2 Kg7 27. f3 Qe7 28. Qe4 Bc8 29. Qe3 Bd7 30. Qb6 Bc8 31. a5 Qf7 32. Rc5 Kg8 33. Rc7 Qf8 34. Rc1 Rf7 35. Be2 Rxc7 36. Qxc7 Qf6 37. Qc3 Qf4 38. Rd1 Qf7 39. Bc4 Qe7 40. Qd4 Qc7 41. b4 Kf7 42. Bb3 Qc6 43. Qf4+ Kg7 44. Rc1 Qb5 45. Rc7+ Bd7 46. Qd4+ Kh6 47. Rxd7 1-0

[Event "GER-ch U18 Girls"]
[Site "Willingen"]
[Date "2018.05.20"]
[Round "1"]
[White "Koehler, Inken"]
[Black "Kolb, Verena"]
[Result "1-0"]
[WhiteElo "1937"]
[BlackElo "1770"]
[PlyCount "75"]
[EventDate "2018.05.19"]
[EventType "swiss"]
[EventRounds "9"]
[EventCountry "GER"]
[SourceTitle "CBM 184 Extra"]
[Source "ChessBase"]
[SourceDate "2018.06.28"]
[SourceVersion "1"]
[SourceVersionDate "2018.06.28"]
[SourceQuality "1"]

1. c4 c6 2. Nc3 d5 3. cxd5 cxd5 4. d3 Nf6 5. Nf3 Nc6 6. g3 Bf5 7. Qa4 Qd7 8. Bg2 e6 9. 0-0 a6 10. Bf4 Bc5 11. Rac1 Ba7 12. Qa3 b5 13. Qd6 Rc8 14. Qxd7+ Nxd7 15. Nh4 Bg6 16. e4 dxe4 17. Nxg6 hxg6 18. Nxe4 0-0 19. Nd6 e5 20. Nxc8 Nd4 21. Nxa7 exf4 22. Rc8 f3 23. Bh3 Ne5 24. Rfc1 Ne2+ 25. Kf1 Nxc1 26. Rxc1 g5 27. Bf5 g6 28. Be4 f5 29. Bd5+ Kg7 30. d4 Nd3 31. Rc7+ Kh6 32. Bxf3 Re8 33. Be2 Nxb2 34. Nc8 Na4 35. Nd6 Re6 36. Nf7+ Kg7 37. Nd8+ Kf6 38. Rf7# 1-0

[Event "BL2 West 1718 (Women)"]
[Site "Germany"]
[Date "2018.01.27"]
[Round "4.5"]
[White "Kloster, Elisabeth"]
[Black "Koehler, Inken"]
[Result "0-1"]
[WhiteElo "1892"]
[BlackElo "1893"]
[PlyCount "50"]
[EventDate "2017.10.14"]
[EventType "team-tourn"]
[EventRounds "7"]
[EventCountry "GER"]
[SourceTitle "EXT 2019"]
[Source "ChessBase"]
[SourceDate "2018.10.10"]
[SourceVersion "1"]
[SourceVersionDate "2018.10.10"]
[SourceQuality "1"]
[WhiteTeam "Heiden (W)"]
[BlackTeam "Norderstedt Harksheide (W)"]
[WhiteTeamCountry "GER"]
[BlackTeamCountry "GER"]

1. e4 c5 2. Nf3 Nc6 3. c3 d5 4. exd5 Qxd5 5. h3 Nf6 6. d4 Bf5 7. Be3 cxd4 8. Nxd4 Nxd4 9. Qxd4 e5 10. Qxd5 Nxd5 11. Bb5+ Bd7 12. Bxd7+ Kxd7 13. Nd2 f5 14. Nc4 Ke6 15. g3 Rc8 16. Na5 b6 17. Nb3 Be7 18. Ke2 g5 19. f4 gxf4 20. gxf4 Rc4 21. Nd2 Nxe3 22. fxe5 Rc5 23. Kxe3 Bg5+ 24. Kf3 Bxd2 25. Rad1 Rd8 0-1